[Event "Novi Sad TS Mix 236th"]
[Site "Novi Sad"]
[Date "2022.02.09"]
[Round "2.1"]
[White "Mizzi, Steve"]
[Black "Bulajic, Ratko"]
[Result "0-1"]
[WhiteElo "1586"]
[BlackElo "2147"]
[PlyCount "84"]
[EventDate "2022.02.08"]
[EventType "schev"]
[EventRounds "9"]
[EventCountry "SRB"]
[SourceTitle "CBM 207 Extra"]
[Source "ChessBase"]
[SourceDate "2022.05.31"]
[SourceVersion "1"]
[SourceVersionDate "2022.05.31"]
[SourceQuality "1"]
[WhiteTeam "Team B"]
[BlackTeam "Team A"]
[WhiteTeamCountry "SRB"]
[BlackTeamCountry "SRB"]

1. d4 Nf6 2. Bf4 d6 3. e3 Nbd7 4. Nf3 g6 5. h3 Bg7 6. Be2 0-0 7. 0-0 Qe8 8. c3 e5 9. Bh2 a5 10. a4 Qe7 11. Nbd2 Ne8 12. Qb3 Kh8 13. Qa3 e4 14. Ne1 f5 15. Nc2 Ndf6 16. c4 c5 17. Nb3 b6 18. Rad1 g5 19. dxc5 bxc5 20. Nc1 Rb8 21. Na2 Nd5 22. b3 Nc3 23. Nxc3 Bxc3 24. Bh5 Rb6 25. Bxe8 Rxe8 26. Qa2 Rf8 27. Na3 f4 28. Nb5 Be5 29. exf4 gxf4 30. Qc2 Bf5 31. Qd2 Qg5 32. Kh1 Qh6 33. Rde1 Rg8 34. Rg1 Rb7 35. Rd1 Rg6 36. f3 exf3 37. gxf3 Bxh3 38. Nxd6 Rxd6 39. Bxf4 Qxf4 40. Qxf4 Bxf4 41. Rde1 Rg6 42. Re8+ Kg7 0-1

[Event "Novi Sad TS Mix 236th"]
[Site "Novi Sad"]
[Date "2022.02.08"]
[Round "1.1"]
[White "Haznedaroglu, Meltem"]
[Black "Mizzi, Steve"]
[Result "1-0"]
[WhiteElo "1811"]
[BlackElo "1586"]
[PlyCount "59"]
[EventDate "2022.02.08"]
[EventType "schev"]
[EventRounds "9"]
[EventCountry "SRB"]
[SourceTitle "CBM 207 Extra"]
[Source "ChessBase"]
[SourceDate "2022.05.31"]
[SourceVersion "1"]
[SourceVersionDate "2022.05.31"]
[SourceQuality "1"]
[WhiteTeam "Team A"]
[BlackTeam "Team B"]
[WhiteTeamCountry "SRB"]
[BlackTeamCountry "SRB"]

1. c4 e6 2. Nc3 Nf6 3. g3 d5 4. d4 c6 5. Bg2 Bd6 6. Nf3 Nbd7 7. 0-0 0-0 8. Re1 dxc4 9. e4 e5 10. a4 exd4 11. Qxd4 Bb4 12. Qxc4 Bxc3 13. Qxc3 Qb6 14. Be3 Nxe4 15. Qc2 Qb4 16. Rad1 Ndf6 17. Rd4 Qa5 18. b4 Qc7 19. Bf4 Qb6 20. a5 Qb5 21. Ne5 c5 22. Bf1 Qe8 23. bxc5 g5 24. Rdxe4 Nxe4 25. Qxe4 gxf4 26. Qxf4 Qe7 27. Ng4 Qxc5 28. Nf6+ Kh8 29. Re5 Qc2 30. Rh5 1-0

[Event "Eger Agria op 40th"]
[Site "Eger"]
[Date "2016.07.21"]
[Round "5"]
[White "Patai, Peter"]
[Black "Mizzi, Steve"]
[Result "1-0"]
[WhiteElo "1886"]
[BlackElo "1494"]
[PlyCount "35"]
[EventDate "2016.07.18"]
[EventType "swiss"]
[EventRounds "8"]
[EventCountry "HUN"]
[SourceTitle "EXT 2020"]
[Source "ChessBase"]
[SourceDate "2019.10.17"]
[SourceVersion "1"]
[SourceVersionDate "2019.10.17"]
[SourceQuality "1"]

1. e4 d5 2. exd5 Nf6 3. d4 Nxd5 4. Nf3 Bg4 5. Be2 Nc6 6. c4 Nf6 7. d5 Bxf3 8. Bxf3 Ne5 9. Bf4 Ng6 10. Bg3 h5 11. h3 Qd7 12. Nc3 0-0-0 13. Nb5 a6 14. Nxc7 Qf5 15. Na8 Ne5 16. Nb6+ Kc7 17. Qd4 Nfd7 18. Nxd7 1-0

[Event "Leiden LCT op-B 09th"]
[Site "Leiden"]
[Date "2015.07.21"]
[Round "5"]
[White "Kanters, Cor"]
[Black "Mizzi, Steve"]
[Result "1-0"]
[WhiteElo "1842"]
[BlackElo "1474"]
[PlyCount "47"]
[EventDate "2015.07.17"]
[EventType "swiss"]
[EventRounds "9"]
[EventCountry "NED"]
[SourceTitle "EXT 2023"]
[Source "ChessBase"]
[SourceDate "2022.10.05"]
[SourceVersion "1"]
[SourceVersionDate "2022.10.05"]
[SourceQuality "1"]

1. d4 Nf6 2. Nf3 e6 3. c4 Bb4+ 4. Bd2 Bxd2+ 5. Nbxd2 b6 6. e4 Bb7 7. Bd3 d6 8. 0-0 Nbd7 9. Ne1 e5 10. d5 0-0 11. Rc1 a5 12. Bb1 Nc5 13. Nd3 Nfxe4 14. Nxe4 Nxe4 15. Nxe5 Nc5 16. Qh5 g6 17. Nxg6 fxg6 18. Bxg6 hxg6 19. Qxg6+ Kh8 20. Rc3 Bc8 21. Qh6+ Kg8 22. Rg3+ Kf7 23. Rg7+ Ke8 24. Qg6+ 1-0